Англо-українсько-російський словник усталених виразів (Запис № 333309)

МАРК-запис
000 -Лідер
fixed length control field 00691nam a22002297a 4500
003 - Ідентифікатор контрольного номера
control field UA-OsUOA
001 - Контрольний номер
control field 47208
007 - Фіксоване поле фізичного опису
fixed length control field ta
008 - Елементи даних фіксованої довжини – загальна інформація
fixed length control field 20070713b un ||||| |||| 00| 0 ukr d
090 ## - Локальний шифр розміщення
Класифікаційний індекс УДК 81,374,2-111
Авторський знак (НП) А11
040 ## - Джерело каталогізації
Агенція оригінальної каталогізації UA-OsUOA
Мова каталогізації ukr
Агенція, яка здійснювала перезапис UA-OsUOA
Агенція, яка здійснювала модифікацію UA-OsUOA
041 ## - Код мови
Код мови тексту/ звукової доріжки чи окремого заголовка (П) ukr
080 ## - Індекс Універсальної десяткової класифікації
Індекс Універсальної десяткової класифікації (УДК) (НП) 81,374,2-111
100 ## - Основне введення – ім’я особи
Ім’я особи (НП) А.М. Медведєва
245 ## - Відомості про назву
Назва (НП) Англо-українсько-російський словник усталених виразів
260 ## - Публікація, розповсюдження і т.п. (Вихідні дані)
Місце публікації, розповсюдження і т.п. (П) К.
Дата публікації, розповсюдження і т.п. (П) 1992
300 ## - Фізичний опис
Обсяг 493 с.
650 #7 - Додаткове предметне введення – тематичний термін
Тематичний термін чи географічна назва, як елемент введення (НП) 8 Мовознавство. Художня література. Літературознавство
Джерело заголовка чи терміна UDC
942 ## - Додаткові елементи входу (Коха)
Тип елемента Koha Книги
955 ## - Код типу видання за змістом
Код типу видання за змістом (НП) Навчальні видання
Фонди
Стан вилучень Стан втрат Джерело класифікації або схеми стелажів Стан уражень Не для кредиту Постійне місце розташування Поточне розміщення Дата придбання Інвентарний номер Усього замовленно Повний номер виклику Штрих-код Дата останнього перегляду Ціна ефективна від Тип елемента Koha
    Universal Decimal Classification     АБ - Абонемент НБ АБ - Абонемент НБ 13/07/2007 3329   81,374,2-111 А11 3329 11/01/2022 13/07/2007 Книги
    Universal Decimal Classification     АБ - Абонемент НБ АБ - Абонемент НБ 13/07/2007 3331   81,374,2-111 А11 3331 19/05/2022 13/07/2007 Книги
    Universal Decimal Classification     АБ - Абонемент НБ АБ - Абонемент НБ 13/07/2007 3332   81,374,2-111 А11 3332 19/05/2022 13/07/2007 Книги
    Universal Decimal Classification     АБ - Абонемент НБ АБ - Абонемент НБ 13/07/2007 3441   81,374,2-111 А11 3441 13/01/2022 13/07/2007 Книги
    Universal Decimal Classification     АБ - Абонемент НБ АБ - Абонемент НБ 13/07/2007 3442   81,374,2-111 А11 3442 19/05/2022 13/07/2007 Книги
    Universal Decimal Classification     АБ - Абонемент НБ АБ - Абонемент НБ 13/07/2007 3443   81,374,2-111 А11 3443 11/01/2022 13/07/2007 Книги
    Universal Decimal Classification     АБ - Абонемент НБ АБ - Абонемент НБ 13/07/2007 795   81,374,2-111 А11 795 19/05/2022 13/07/2007 Книги
    Universal Decimal Classification     АБ - Абонемент НБ АБ - Абонемент НБ 13/07/2007 798   81,374,2-111 А11 798 19/05/2022 13/07/2007 Книги
    Universal Decimal Classification     АБ - Абонемент НБ АБ - Абонемент НБ 13/07/2007 800   81,374,2-111 А11 800 11/01/2022 13/07/2007 Книги
    Universal Decimal Classification     АБ - Абонемент НБ АБ - Абонемент НБ 13/07/2007 804   81,374,2-111 А11 804 23/05/2022 13/07/2007 Книги
    Universal Decimal Classification     АБ - Абонемент НБ АБ - Абонемент НБ 13/07/2007 805   81,374,2-111 А11 805 19/05/2022 13/07/2007 Книги
    Universal Decimal Classification     АБ - Абонемент НБ АБ - Абонемент НБ 13/07/2007 806   81,374,2-111 А11 806 19/05/2022 13/07/2007 Книги
    Universal Decimal Classification     АБ - Абонемент НБ АБ - Абонемент НБ 13/07/2007 809   81,374,2-111 А11 809 19/05/2022 13/07/2007 Книги
    Universal Decimal Classification     АБ - Абонемент НБ АБ - Абонемент НБ 13/07/2007 810   81,374,2-111 А11 810 19/05/2022 13/07/2007 Книги